Magic Cap Complete (Record no. 3553)

MARC details
000 -LEADER
fixed length control field 00410nam a2200157Ia 4500
008 - FIXED-LENGTH DATA ELEMENTS--GENERAL INFORMATION
fixed length control field 230312s9999||||xx |||||||||||||| ||und||
020 ## - INTERNATIONAL STANDARD BOOK NUMBER
International Standard Book Number 0-201-489484-1
082 ## - DEWEY DECIMAL CLASSIFICATION NUMBER
Classification number 005
Item number MAG
100 ## - MAIN ENTRY--PERSONAL NAME
Personal name Magic General
245 #0 - TITLE STATEMENT
Title Magic Cap Complete
260 ## - PUBLICATION, DISTRIBUTION, ETC.
Name of publisher, distributor, etc. Addidon Wesley
Place of publication, distribution, etc. New York
Date of publication, distribution, etc. 1991
300 ## - PHYSICAL DESCRIPTION
Extent 584
546 ## - LANGUAGE NOTE
Language note Eng.
650 ## - SUBJECT ADDED ENTRY--TOPICAL TERM
Topical term or geographic name entry element Computer
Form subdivision All About Magic Cap , , Basics of Using Magic Cap
942 ## - ADDED ENTRY ELEMENTS (KOHA)
Koha item type BOOK
Holdings
Withdrawn status Lost status Source of classification or shelving scheme Damaged status Not for loan Home library Current library Date acquired Total Checkouts Full call number Barcode Date last seen Price effective from Koha item type
    Dewey Decimal Classification     Superior Information Resource Center (SIRC) Superior University- Central Library Superior Information Resource Center (SIRC) Superior University- Central Library 03/13/2023   005 MAG 3574 03/13/2023 03/13/2023 BOOK

Powered by Koha